000
00284nam a2200133Ia 4500
100
_a
Reyat Harbans Singh
942
_c
BK
654
_a
Automobile
245
_a
Automobile
260
_b
S.Chand and Company ltd
_a
New Delhi
_c
1984
300
_a
512
546
_a
ENGLISH
999
_c
24731
_d
24731